Management des systemes d'information

Enregistré dans:
Détails bibliographiques
Auteur principal: Delmond, Marie-Hélene
Autres auteurs: Petit, Yves, Gautier, Jean-Michel
Format: Livre
Langue:français
Publié: Paris DUNOD 2007
Édition:2e éd.
Collection:Aide a la décision
Sujets:
Tags: Ajouter un tag
Pas de tags, Soyez le premier à ajouter un tag!

MARC

LEADER 00000nam a2200000 4500
001 0124854
005 20240226090536.4
020 |a 978-2-10-051338-3 
041 0 |a fre 
044 |a FR 
245 1 0 |a Management des systemes d'information  |c Marie-Hélene Delmond, Yves Petit, Jean-Michel Gautier 
250 |a 2e éd. 
264 1 |a Paris  |b DUNOD  |c 2007 
300 |a 256 s. 
490 1 |a Aide a la décision 
830 0 |a Aide a la décision 
610 2 0 |a technológie informačné 
610 2 0 |a manažment informačný 
610 2 0 |a systémy informačné 
610 2 0 |a internet 
100 1 |a Delmond, Marie-Hélene 
700 1 |a Petit, Yves 
700 1 |a Gautier, Jean-Michel